[Event "Tournoi de la St-Jean A"]
[Site "Quebec CAN"]
[Date "2005.06.25"]
[Round "2.6"]
[White "Caron, Sebastien"]
[Black "Trottier, Yves"]
[Result "0-1"]
[WhiteElo "1847"]
[BlackElo "2055"]
[PlyCount "82"]
[GameId "2160767910967856"]
[EventDate "2005.06.24"]
[EventType "swiss"]
[EventRounds "5"]
[EventCountry "CAN"]

1. e4 e5 2. Nf3 Nf6 3. Nxe5 d6 4. Nc4 Nxe4 5. d4 d5 6. Ne3 c5 7. c3 Nc6 8. Be2 cxd4 9. cxd4 Bb4+ 10. Kf1 Be6 11. Nc2 Bd6 12. Nc3 f5 13. Nxe4 fxe4 14. Bh5+ g6 15. Bg4 Qf6 16. Be3 O-O 17. g3 Ne7 18. Bxe6+ Qxe6 19. Kg2 Rf5 20. Qe2 Raf8 21. Raf1 g5 22. h3 Qg6 23. Ne1 Bb8 24. Qb5 b6 25. Rhg1 Qd6 26. Qe2 h6 27. Qg4 R5f7 28. Rh1 Kh7 29. f3 Nf5 30. Bc1 Qxg3+ 31. Qxg3 Nxg3 32. h4 Nxh1 33. Rxh1 exf3+ 34. Kf1 g4 35. Kf2 Bf4 36. Nd3 Bxc1 37. Nxc1 h5 38. Nd3 Kh6 39. Kg3 Kh7 40. Kf2 Kh6 41. Ne5 Rc7 0-1

[Event "Tournoi de la St-Jean A"]
[Site "Quebec CAN"]
[Date "2005.06.25"]
[Round "2.8"]
[White "Duplessis, Jean-Roch"]
[Black "Berube, Antoine"]
[Result "0-1"]
[WhiteElo "1648"]
[BlackElo "2169"]
[PlyCount "56"]
[GameId "2160767910967857"]
[EventDate "2005.06.24"]
[EventType "swiss"]
[EventRounds "5"]
[EventCountry "CAN"]

1. e4 c5 2. Nf3 d6 3. d4 cxd4 4. Nxd4 Nf6 5. Nc3 a6 6. Be2 e5 7. Nf3 h6 8. a4 Be7 9. O-O O-O 10. h3 Be6 11. Be3 Nbd7 12. a5 Rc8 13. Nh2 Nc5 14. Bf3 Nh7 15. g4 Bg5 16. Re1 Bxe3 17. Rxe3 Qe7 18. b4 Nd7 19. Be2 Rfd8 20. Nd5 Bxd5 21. Qxd5 Ndf6 22. Qb3 Ng5 23. Bc4 Ngxe4 24. Rd1 Qc7 25. Bd3 Nc3 26. Rde1 e4 27. Bf1 d5 28. f4 d4 0-1

[Event "Tournoi de la St-Jean A"]
[Site "Quebec CAN"]
[Date "2005.06.25"]
[Round "2.9"]
[White "Drolet, Stephane"]
[Black "Forget, David"]
[Result "1-0"]
[WhiteElo "2131"]
[BlackElo "1834"]
[PlyCount "75"]
[GameId "2160767910967858"]
[EventDate "2005.06.24"]
[EventType "swiss"]
[EventRounds "5"]
[EventCountry "CAN"]

1. d4 d5 2. Nf3 c6 3. g3 Bg4 4. Bg2 Nd7 5. Nbd2 e6 6. O-O Ngf6 7. b3 Bd6 8. Bb2 O-O 9. Qe1 a5 10. a4 Re8 11. Ne5 Bf5 12. Rc1 Bxe5 13. dxe5 Ng4 14. e4 dxe4 15. Nxe4 Bxe4 16. Qxe4 Nh6 17. Rfd1 Qc7 18. g4 f5 19. exf6 Nxf6 20. Bxf6 gxf6 21. h3 Rad8 22. Bf1 Nf7 23. Rxd8 Qxd8 24. h4 Qd5 25. Qe3 Ne5 26. Be2 Nf7 27. f4 Qd7 28. Rd1 Qc7 29. Bd3 Nh6 30. Be2 e5 31. f5 Qg7 32. Kh1 Kh8 33. Rg1 Rd8 34. c3 Qf7 35. Qxh6 Qd5+ 36. Rg2 Qf7 37. g5 fxg5 38. Qxg5 1-0

[Event "Tournoi de la St-Jean A"]
[Site "Quebec CAN"]
[Date "2005.06.25"]
[Round "2.10"]
[White "Vallieres, Mario"]
[Black "Benoit, Sebastien"]
[Result "1-0"]
[WhiteElo "2038"]
[BlackElo "1904"]
[PlyCount "59"]
[GameId "2160767910967859"]
[EventDate "2005.06.24"]
[EventType "swiss"]
[EventRounds "5"]
[EventCountry "CAN"]

1. d4 Nf6 2. Nc3 d5 3. Bg5 Nbd7 4. f3 h6 5. Bh4 e6 6. e4 dxe4 7. fxe4 Be7 8. Nf3 Nxe4 9. Bxe7 Nxc3 10. Bxd8 Nxd1 11. Bxc7 Ne3 12. Bd3 Nd5 13. Bd6 f5 14. O-O Kf7 15. Rae1 g5 16. c4 N5f6 17. Re2 g4 18. Nh4 Nb6 19. d5 Re8 20. Rfe1 Bd7 21. dxe6+ Bxe6 22. Nxf5 Bxf5 23. Bxf5 Rxe2 24. Rxe2 Re8 25. Rxe8 Kxe8 26. b3 Kf7 27. Kf2 Nbd7 28. Ke3 Nf8 29. Be5 h5 30. Bd4 1-0

[Event "Tournoi de la St-Jean A"]
[Site "Quebec CAN"]
[Date "2005.06.25"]
[Round "2.11"]
[White "Lemieux, Pierre"]
[Black "Sauve, Richard"]
[Result "1-0"]
[WhiteElo "1947"]
[BlackElo "1962"]
[PlyCount "55"]
[GameId "2160767910967860"]
[EventDate "2005.06.24"]
[EventType "swiss"]
[EventRounds "5"]
[EventCountry "CAN"]

1. d4 e6 2. Nf3 d5 3. Bf4 Bd6 4. Bg3 Ne7 5. e3 Nf5 6. Bd3 Nxg3 7. hxg3 h6 8. Nbd2 b6 9. Qe2 Bb7 10. Ne5 Bxe5 11. dxe5 Nd7 12. Qg4 Kf8 13. f4 Nc5 14. Nf3 Nxd3+ 15. cxd3 c5 16. f5 Qe7 17. O-O-O exf5 18. Qxf5 Qe6 19. Qf4 Ke7 20. Qa4 Rhc8 21. Qa3 Ke8 22. Kb1 a6 23. Rh4 g5 24. Rh5 d4 25. e4 c4 26. Rdh1 cxd3 27. Rxh6 Qc4 28. Rh8+ 1-0

[Event "Tournoi de la St-Jean A"]
[Site "Quebec CAN"]
[Date "2005.06.25"]
[Round "3.1"]
[White "Masse, Hugues"]
[Black "Larochelle, Martial"]
[Result "1-0"]
[WhiteElo "2255"]
[BlackElo "2132"]
[PlyCount "61"]
[GameId "2160767910967861"]
[EventDate "2005.06.24"]
[EventType "swiss"]
[EventRounds "5"]
[EventCountry "CAN"]

1. d4 Nf6 2. c4 g6 3. Nc3 d5 4. Nf3 Bg7 5. Qb3 dxc4 6. Qxc4 O-O 7. e4 Nc6 8. Be2 Bg4 9. d5 Na5 10. Qa4 Bxf3 11. Bxf3 c6 12. O-O a6 13. Rd1 b5 14. Qc2 cxd5 15. e5 Nd7 16. Bxd5 Rc8 17. e6 Nc5 18. exf7+ Kh8 19. Bb7 Ncxb7 20. Rxd8 Rfxd8 21. a3 Nc4 22. Qe2 Nc5 23. Bg5 Rf8 24. Qxe7 Ne5 25. Bf6 Nxf7 26. Nd5 h6 27. Rc1 Ne4 28. Bxg7+ Kxg7 29. Nc7 Ned6 30. Ne6+ Kg8 31. Rd1 1-0

[Event "Tournoi de la St-Jean A"]
[Site "Quebec CAN"]
[Date "2005.06.25"]
[Round "3.2"]
[White "Trottier, Yves"]
[Black "Caire, Francois"]
[Result "0-1"]
[WhiteElo "2055"]
[BlackElo "2200"]
[PlyCount "90"]
[GameId "2160767910967862"]
[EventDate "2005.06.24"]
[EventType "swiss"]
[EventRounds "5"]
[EventCountry "CAN"]

1. e4 c5 2. Nc3 Nc6 3. g3 g6 4. Bg2 Bg7 5. d3 d6 6. f4 e5 7. Nf3 Nge7 8. O-O O-O 9. f5 gxf5 10. Nh4 Nd4 11. Rf2 Rb8 12. Qh5 fxe4 13. dxe4 f6 14. Bh6 Be6 15. Bxg7 Kxg7 16. Raf1 Qe8 17. Qd1 Qd7 18. Nf5+ Bxf5 19. exf5 d5 20. g4 Kh8 21. Ne2 Nxe2+ 22. Qxe2 Rg8 23. h4 Qa4 24. Bh3 Qxa2 25. g5 Qxb2 26. Qh5 e4 27. Rg2 Qd4+ 28. Kh1 a5 29. Rfg1 Qe5 30. Qh6 Nxf5 31. Bxf5 Qxf5 32. gxf6 Qh3+ 33. Rh2 Rxg1+ 34. Kxg1 Qd7 35. Rg2 Rg8 36. Rxg8+ Kxg8 37. Qg5+ Kh8 38. Qe5 Kg8 39. Qg5+ Kf8 40. Qh6+ Ke8 41. Qh5+ Qf7 42. Qe5+ Kd7 43. Qf5+ Kd6 44. h5 a4 45. h6 a3 0-1

[Event "Tournoi de la St-Jean A"]
[Site "Quebec CAN"]
[Date "2005.06.25"]
[Round "3.3"]
[White "Audet-Bouchard, Nicolas"]
[Black "Gagnon, Fabien"]
[Result "1/2-1/2"]
[WhiteElo "2136"]
[BlackElo "2028"]
[PlyCount "58"]
[GameId "2160767910967863"]
[EventDate "2005.06.24"]
[EventType "swiss"]
[EventRounds "5"]
[EventCountry "CAN"]

1. e4 c5 2. Nf3 Nc6 3. Bb5 g6 4. O-O Bg7 5. Re1 e5 6. c3 Nge7 7. d3 O-O 8. Nbd2 d6 9. h3 h6 10. Nf1 Be6 11. Be3 Qb6 12. Bxc6 Nxc6 13. Qd2 Kh7 14. b4 f5 15. bxc5 dxc5 16. Rab1 Qa5 17. exf5 gxf5 18. Qc2 b6 19. a4 Bd5 20. Nh4 Kg8 21. Bd2 Qa6 22. Ng3 Be6 23. f4 Rad8 24. c4 e4 25. dxe4 Bxc4 26. Ngxf5 Bd3 27. Qa2+ Bc4 28. Qc2 Bd3 29. Qa2+ Bc4 1/2-1/2

[Event "Tournoi de la St-Jean A"]
[Site "Quebec CAN"]
[Date "2005.06.25"]
[Round "3.4"]
[White "Pepin, Christian"]
[Black "Drolet, Stephane"]
[Result "0-1"]
[WhiteElo "2048"]
[BlackElo "2131"]
[PlyCount "78"]
[GameId "2160767910967864"]
[EventDate "2005.06.24"]
[EventType "swiss"]
[EventRounds "5"]
[EventCountry "CAN"]

1. e4 e6 2. d4 d5 3. exd5 exd5 4. Bd3 Nc6 5. c3 Bd6 6. Ne2 Nge7 7. Qc2 Ng6 8. f4 Qh4+ 9. g3 Qh5 10. f5 Nge7 11. O-O g5 12. fxg6 hxg6 13. Nf4 Bxf4 14. Bxf4 Bh3 15. Rf2 O-O-O 16. Be2 Bg4 17. Bxg4+ Qxg4 18. Qe2 Qh3 19. Na3 Nf5 20. Qf3 f6 21. Re1 Rhe8 22. Rfe2 Nfxd4 23. cxd4 Nxd4 24. Qf2 Nxe2+ 25. Rxe2 Rxe2 26. Qxe2 g5 27. Bd2 Qd7 28. Qf2 Qa4 29. Qf5+ Kb8 30. Nc2 Qc6 31. Bc3 Rd6 32. h4 gxh4 33. gxh4 Qb6+ 34. Qf2 c5 35. b4 Rd8 36. Qxf6 Rg8+ 37. Kh2 Qb5 38. Qe5+ Ka8 39. bxc5 Qf1 0-1

[Event "Tournoi de la St-Jean A"]
[Site "Quebec CAN"]
[Date "2005.06.25"]
[Round "3.5"]
[White "Berube, Antoine"]
[Black "Plante, Hendrick"]
[Result "1-0"]
[WhiteElo "2169"]
[BlackElo "1920"]
[PlyCount "39"]
[GameId "2160767910967865"]
[EventDate "2005.06.24"]
[EventType "swiss"]
[EventRounds "5"]
[EventCountry "CAN"]

1. e4 c5 2. Nf3 Nc6 3. d4 cxd4 4. Nxd4 e5 5. Nb5 a6 6. Nd6+ Bxd6 7. Qxd6 Qe7 8. Qd1 Nf6 9. Nc3 h6 10. Bc4 b5 11. Nd5 Nxd5 12. Bxd5 Bb7 13. O-O g5 14. c3 Nd8 15. Be3 Bxd5 16. Qxd5 Nc6 17. Rfd1 Qe6 18. Qc5 Rb8 19. Rd6 Qc4 20. Rxc6 1-0

[Event "Tournoi de la St-Jean A"]
[Site "Quebec CAN"]
[Date "2005.06.25"]
[Round "3.7"]
[White "Desjardins, Michel"]
[Black "Libersan, Thierry"]
[Result "0-1"]
[WhiteElo "1923"]
[BlackElo "2052"]
[PlyCount "80"]
[GameId "2160767910967866"]
[EventDate "2005.06.24"]
[EventType "swiss"]
[EventRounds "5"]
[EventCountry "CAN"]

1. e4 c5 2. Nc3 Nc6 3. g3 g6 4. Bg2 Bg7 5. d3 e6 6. Be3 d6 7. Qd2 h5 8. h3 Nge7 9. Nge2 Nd4 10. Nd1 Rb8 11. c3 Nxe2 12. Qxe2 e5 13. Qd2 Nc6 14. O-O Be6 15. f4 Qd7 16. Kh2 Rc8 17. Qf2 f5 18. b3 O-O 19. Qd2 b6 20. Nf2 h4 21. Nh1 d5 22. fxe5 Bxe5 23. exd5 Bxd5 24. Bxd5+ Qxd5 25. Rad1 Rcd8 26. Bf4 Rfe8 27. Rf2 b5 28. Bg5 hxg3+ 29. Nxg3 Rd7 30. Bf4 Rh7 31. Rg2 Bxf4 32. Qxf4 Kh8 33. Qg5 Qd6 34. Kg1 Ne5 35. Qf4 Qd5 36. d4 cxd4 37. cxd4 Rxh3 38. Rf2 Ng4 39. Rc2 g5 40. Qxg5 Rxg3+ 0-1

[Event "Tournoi de la St-Jean A"]
[Site "Quebec CAN"]
[Date "2005.06.25"]
[Round "3.8"]
[White "Carrier, Claude"]
[Black "Lemieux, Pierre"]
[Result "1-0"]
[WhiteElo "2078"]
[BlackElo "1947"]
[PlyCount "115"]
[GameId "2160767910967867"]
[EventDate "2005.06.24"]
[EventType "swiss"]
[EventRounds "5"]
[EventCountry "CAN"]

1. e4 e6 2. d4 d5 3. Nc3 Nf6 4. e5 Nfd7 5. f4 c5 6. Nf3 a6 7. Be3 Nc6 8. Qd2 cxd4 9. Nxd4 Nxd4 10. Bxd4 Qc7 11. O-O-O Bb4 12. Kb1 Bc5 13. Qf2 Bxd4 14. Qxd4 b5 15. h4 Qb6 16. a3 Qxd4 17. Rxd4 Nb8 18. h5 Nc6 19. Rd3 Bd7 20. Rg3 Kf8 21. Ne2 Rb8 22. c3 Rb7 23. Nd4 Nxd4 24. cxd4 Rc7 25. Rhh3 Rg8 26. Bd3 g6 27. h6 Ke7 28. Bc2 Rgc8 29. Rc3 Rb7 30. b4 Rcc7 31. Rc5 Rxc5 32. bxc5 Rb8 33. Kb2 Bc6 34. g4 Bd7 35. Rb3 Kd8 36. Bd3 Kc7 37. a4 Kc6 38. axb5+ axb5 39. Kc3 Rb7 40. Kb4 Kc7 41. Ra3 Rb8 42. Ra7+ Kc6 43. Ra6+ Kc7 44. Ra5 Kc8 45. Bxb5 Bxb5 46. Rxb5 Ra8 47. Ra5 Rb8+ 48. Kc3 Kd8 49. Ra7 Ke8 50. Ra6 Kd8 51. Rb6 Ra8 52. Rb7 Ke8 53. Kb4 Ra1 54. c6 Rc1 55. Kb5 Rc4 56. Kb6 Rxd4 57. Rb8+ Ke7 58. c7 1-0

[Event "Tournoi de la St-Jean A"]
[Site "Quebec CAN"]
[Date "2005.06.25"]
[Round "3.9"]
[White "Arsenault, Nicolas"]
[Black "Chevalier, Francois"]
[Result "1/2-1/2"]
[WhiteElo "2069"]
[BlackElo "1674"]
[PlyCount "70"]
[GameId "2160767910967868"]
[EventDate "2005.06.24"]
[EventType "swiss"]
[EventRounds "5"]
[EventCountry "CAN"]

1. e4 e6 2. d4 d5 3. Nc3 Bb4 4. e5 c5 5. a3 Bxc3+ 6. bxc3 Qa5 7. Bd2 Qa4 8. Qb1 c4 9. Nh3 Nc6 10. Be2 Nge7 11. Nf4 Bd7 12. Nh5 Rg8 13. O-O O-O-O 14. f4 Rdf8 15. Ra2 f5 16. Rf3 Be8 17. Rg3 Bxh5 18. Bxh5 g6 19. Be2 b6 20. Rh3 Rg7 21. Be1 Rfg8 22. Bh4 h5 23. Bf6 Rf7 24. Rg3 Rgf8 25. Bg5 Ng8 26. Bh4 Nge7 27. h3 Kb7 28. Rg5 Rh8 29. Rg3 Rhf8 30. Rb2 Ka8 31. Qa2 Rc8 32. Kh2 Kb7 33. Bf6 Rcf8 34. Bh4 Rc8 35. Bf6 Rcf8 1/2-1/2

[Event "Tournoi de la St-Jean A"]
[Site "Quebec CAN"]
[Date "2005.06.25"]
[Round "3.10"]
[White "Caron, Sebastien"]
[Black "Duplessis, Jean-Roch"]
[Result "1/2-1/2"]
[WhiteElo "1847"]
[BlackElo "1648"]
[PlyCount "63"]
[GameId "2160767910967869"]
[EventDate "2005.06.24"]
[EventType "swiss"]
[EventRounds "5"]
[EventCountry "CAN"]

1. d4 Nf6 2. c4 g6 3. Nc3 d5 4. f3 c5 5. dxc5 d4 6. Nb5 e5 7. Bg5 Be7 8. Nd6+ Bxd6 9. cxd6 Qxd6 10. Qd2 O-O 11. g4 Nc6 12. h4 e4 13. Bf4 Qb4 14. Qxb4 Nxb4 15. O-O-O Nc6 16. Bg5 Ne8 17. fxe4 Nd6 18. Bg2 Nxc4 19. b3 Ne3 20. Bxe3 dxe3 21. g5 f5 22. h5 fxe4 23. Bxe4 Bf5 24. Bxf5 Rxf5 25. hxg6 hxg6 26. Nf3 Rc8 27. Kb1 Ne5 28. Nxe5 Rxe5 29. Rd7 Rxg5 30. Rhh7 Rg1+ 31. Kb2 Rg2 32. Rhg7+ 1/2-1/2

[Event "Tournoi de la St-Jean A"]
[Site "Quebec CAN"]
[Date "2005.06.25"]
[Round "3.11"]
[White "Sauve, Richard"]
[Black "Forget, David"]
[Result "0-1"]
[WhiteElo "1962"]
[BlackElo "1834"]
[PlyCount "84"]
[GameId "2160767910967870"]
[EventDate "2005.06.24"]
[EventType "swiss"]
[EventRounds "5"]
[EventCountry "CAN"]

1. d4 d5 2. c4 c6 3. Nc3 dxc4 4. a4 e5 5. e3 exd4 6. exd4 Be6 7. Nf3 Bb4 8. g3 Nf6 9. Bg2 Qa5 10. Bd2 Nbd7 11. O-O O-O 12. Re1 Nd5 13. Rc1 Rfe8 14. Ne5 Nxc3 15. Bxc3 Bxc3 16. Rxc3 Nxe5 17. dxe5 Rad8 18. Qc2 g6 19. Rce3 Rd2 20. Qc3 Qxc3 21. bxc3 Red8 22. Bf3 Ra2 23. R3e2 Rxe2 24. Rxe2 Rd3 25. Re3 Rxe3 26. fxe3 Bd5 27. e4 Be6 28. Kf2 Kf8 29. Ke3 c5 30. Kf4 h5 31. Be2 b6 32. h3 a6 33. h4 b5 34. axb5 axb5 35. Bd1 Ke7 36. Ke3 Bg4 37. Bc2 Ke6 38. Kf4 Be2 39. Ke3 Bf1 40. Kf4 Bd3 41. Bd1 b4 42. cxb4 cxb4 0-1

[Event "Tournoi de la St-Jean A"]
[Site "Quebec CAN"]
[Date "2005.06.26"]
[Round "4"]
[White "Gagnon, Fabien"]
[Black "Trottier, Yves"]
[Result "0-1"]
[WhiteElo "2028"]
[BlackElo "2055"]
[PlyCount "48"]
[GameId "2160767910967871"]
[EventDate "2005.06.24"]
[EventType "swiss"]
[EventRounds "5"]
[EventCountry "CAN"]

1. e4 e5 2. Nf3 Nf6 3. d3 Nc6 4. Be2 d5 5. Nbd2 Bg4 6. O-O Be7 7. c3 O-O 8. Re1 dxe4 9. dxe4 a6 10. Qc2 Bc5 11. b4 Ba7 12. a4 Nd7 13. Ba3 Ne7 14. Rad1 Re8 15. Nc4 Ng6 16. Nfxe5 Rxe5 17. Nxe5 Ngxe5 18. c4 Qg5 19. Bc1 Qg6 20. c5 Bf3 21. g3 Qg4 22. Rd4 Bxe2 23. Qxe2 Qxe2 24. Rxe2 Nf3+ 0-1

[Event "Tournoi de la St-Jean A"]
[Site "Quebec CAN"]
[Date "2005.06.26"]
[Round "4.1"]
[White "Caire, Francois"]
[Black "Masse, Hugues"]
[Result "1-0"]
[WhiteElo "2200"]
[BlackElo "2255"]
[PlyCount "123"]
[GameId "2160767910967872"]
[EventDate "2005.06.24"]
[EventType "swiss"]
[EventRounds "5"]
[EventCountry "CAN"]

1. d4 Nf6 2. Nf3 g6 3. g3 Bg7 4. Bg2 O-O 5. O-O d5 6. c4 dxc4 7. Na3 Nc6 8. Nxc4 Be6 9. b3 Bd5 10. Bb2 a5 11. Ne3 Be4 12. a3 Ne8 13. Nc4 Bxf3 14. Bxf3 Nxd4 15. Bxb7 Rb8 16. Nxa5 c5 17. b4 Qb6 18. e3 cxb4 19. axb4 Ne6 20. Bxg7 N8xg7 21. Bg2 Rfc8 22. Qa4 Nd8 23. Rfb1 Qb5 24. Qxb5 Rxb5 25. Bf1 Rbb8 26. b5 Nge6 27. Rc1 Rxc1 28. Rxc1 Kf8 29. f4 Ke8 30. Kf2 Kd7 31. Rb1 Kc7 32. Nc4 Nc5 33. Bg2 Kd7 34. Ke2 Na4 35. Kd2 Nb6 36. Nxb6+ Rxb6 37. Kc3 Re6 38. e4 Kc7 39. e5 f6 40. Kd4 fxe5+ 41. fxe5 Rb6 42. Bd5 Rb8 43. Kc5 Nb7+ 44. Bxb7 Kxb7 45. Kd5 Kb6 46. Ke6 Rb7 47. Kf7 Kc5 48. Kg7 Kd5 49. Kxh7 Rb6 50. e6 g5 51. Kg6 g4 52. Kf5 Kd6 53. Rd1+ Kc5 54. Rd7 Rxb5 55. Kxg4 Kc6 56. Rxe7 Kd6 57. Re8 Rb4+ 58. Kg5 Rb5+ 59. Kf6 Rb2 60. Rd8+ Kc7 61. e7 Rf2+ 62. Kg5 1-0

[Event "Tournoi de la St-Jean A"]
[Site "Quebec CAN"]
[Date "2005.06.26"]
[Round "4.2"]
[White "Groleau, Gilles"]
[Black "Berube, Antoine"]
[Result "0-1"]
[WhiteElo "2059"]
[BlackElo "2169"]
[PlyCount "100"]
[GameId "2160767910967873"]
[EventDate "2005.06.24"]
[EventType "swiss"]
[EventRounds "5"]
[EventCountry "CAN"]

1. e4 c5 2. Nf3 d6 3. Bb5+ Bd7 4. Bxd7+ Qxd7 5. O-O Nc6 6. c4 Nf6 7. Nc3 g6 8. d3 Bg7 9. h3 O-O 10. Be3 a6 11. Qd2 Rfc8 12. Bh6 Bh8 13. Rfe1 Rab8 14. Nd5 b5 15. Rab1 Nxd5 16. cxd5 Ne5 17. Nxe5 dxe5 18. Be3 e6 19. dxe6 Qxe6 20. b3 Bf6 21. Rbc1 Be7 22. Rc2 Rc6 23. Rec1 Rbc8 24. f3 Qd7 25. Qe2 R8c7 26. Kh1 Qc8 27. f4 exf4 28. Bxf4 Rd7 29. Be3 Qd8 30. d4 Rxd4 31. Bxd4 Qxd4 32. Rd1 Qe5 33. Rd5 Qe6 34. Qd3 Qf6 35. Qf3 Qh4 36. e5 Qe1+ 37. Kh2 Re6 38. Re2 Qa1 39. Rf2 f6 40. exf6 Rxf6 41. Qe2 Rxf2 42. Qxf2 c4 43. bxc4 bxc4 44. Qe2 Bf6 45. Qxc4 Kg7 46. Qe2 Qb1 47. Qxa6 Qb8+ 48. Kg1 Qf4 49. Qf1 Bd4+ 50. Kh1 Qxf1+ 0-1

[Event "Tournoi de la St-Jean A"]
[Site "Quebec CAN"]
[Date "2005.06.26"]
[Round "4.3"]
[White "Tremblay, Rejean"]
[Black "Audet-Bouchard, Nicolas"]
[Result "1-0"]
[WhiteElo "2183"]
[BlackElo "2136"]
[PlyCount "59"]
[GameId "2160767910967874"]
[EventDate "2005.06.24"]
[EventType "swiss"]
[EventRounds "5"]
[EventCountry "CAN"]

1. d4 Nf6 2. c4 e6 3. Nc3 Bb4 4. Qc2 d5 5. a3 Bxc3+ 6. Qxc3 Ne4 7. Qc2 Nc6 8. Nf3 e5 9. dxe5 Bf5 10. Qb3 dxc4 11. Qxc4 Qe7 12. g4 Bg6 13. Bf4 O-O-O 14. Rc1 f6 15. e6 h5 16. gxh5 Rxh5 17. b4 Rhd5 18. Bh3 Bh7 19. Rg1 g5 20. Be3 Kb8 21. Rg4 Qxe6 22. Nd4 Qd6 23. f3 Qxh2 24. Nxc6+ bxc6 25. Qa6 Nc3 26. Bxa7+ Ka8 27. Bb6+ Kb8 28. Qa7+ Kc8 29. Rf4+ f5 30. Qxc7# 1-0

[Event "Tournoi de la St-Jean A"]
[Site "Quebec CAN"]
[Date "2005.06.26"]
[Round "4.4"]
[White "Larochelle, Martial"]
[Black "Libersan, Thierry"]
[Result "1-0"]
[WhiteElo "2132"]
[BlackElo "2052"]
[PlyCount "75"]
[GameId "2160767910967875"]
[EventDate "2005.06.24"]
[EventType "swiss"]
[EventRounds "5"]
[EventCountry "CAN"]

1. c4 e6 2. Nf3 Nf6 3. g3 b6 4. Bg2 Bb7 5. O-O Be7 6. d4 O-O 7. Nc3 Ne4 8. Nxe4 Bxe4 9. Be3 d6 10. Rc1 Nd7 11. Qa4 c5 12. Rfd1 Qc7 13. Nh4 Bxg2 14. Nxg2 Rfd8 15. Nf4 Bg5 16. Nxe6 fxe6 17. Bxg5 Rf8 18. Qc2 Rf5 19. Qe4 Re8 20. Be3 Nf6 21. Qd3 d5 22. dxc5 bxc5 23. cxd5 Rxd5 24. Qc4 Qb6 25. b3 Rc8 26. Rxd5 exd5 27. Qc2 Qe6 28. Bxc5 Ne4 29. b4 a5 30. Qd1 h5 31. a3 h4 32. Qd4 hxg3 33. fxg3 axb4 34. axb4 Nf6 35. e3 Qf5 36. Rf1 Qe6 37. Qf4 Ne4 38. Bd4 1-0

[Event "Tournoi de la St-Jean A"]
[Site "Quebec CAN"]
[Date "2005.06.26"]
[Round "4.5"]
[White "Drolet, Stephane"]
[Black "Carrier, Claude"]
[Result "1-0"]
[WhiteElo "2131"]
[BlackElo "2078"]
[PlyCount "114"]
[GameId "2160767910967876"]
[EventDate "2005.06.24"]
[EventType "swiss"]
[EventRounds "5"]
[EventCountry "CAN"]

1. Nf3 d5 2. g3 Nf6 3. Bg2 g6 4. b3 Bg7 5. Bb2 O-O 6. O-O c6 7. d3 Bf5 8. Nbd2 Qc8 9. Re1 Rd8 10. c4 dxc4 11. Nxc4 Na6 12. a3 Ne8 13. Bxg7 Nxg7 14. b4 f6 15. Rc1 Nc7 16. Qb3 Be6 17. Qb2 Bd5 18. Na5 Rd6 19. e4 Bf7 20. d4 Rb8 21. a4 a6 22. Red1 Qd7 23. Rd2 b6 24. Nb3 Bxb3 25. Qxb3+ Kh8 26. Qc3 Nce8 27. e5 Re6 28. Bh3 Nf5 29. Bxf5 gxf5 30. Qd3 Ng7 31. Qxa6 Qd5 32. Qe2 f4 33. a5 fxg3 34. hxg3 bxa5 35. Rc5 Qb3 36. bxa5 fxe5 37. dxe5 Nf5 38. Qe4 Rf8 39. Kg2 Qa3 40. Rdc2 Qa1 41. Qb4 Qd1 42. Qc3 Rh6 43. Rc1 Qe2 44. Re1 Nh4+ 45. gxh4 Rg6+ 46. Kh1 Qxf2 47. e6+ Kg8 48. Ng5 Qxh4+ 49. Nh3 Qg4 50. Rg5 Rxg5 51. Nxg5 Qh4+ 52. Nh3 Rf6 53. Rg1+ Kf8 54. Qg3 Qe4+ 55. Kh2 Rg6 56. Qf4+ Qxf4+ 57. Nxf4 Rh6+ 1-0

[Event "Tournoi de la St-Jean A"]
[Site "Quebec CAN"]
[Date "2005.06.26"]
[Round "4.7"]
[White "Lessard, Claude"]
[Black "Vallieres, Mario"]
[Result "0-1"]
[WhiteElo "1863"]
[BlackElo "2038"]
[PlyCount "32"]
[GameId "2160767910967877"]
[EventDate "2005.06.24"]
[EventType "swiss"]
[EventRounds "5"]
[EventCountry "CAN"]

1. d4 f5 2. e4 fxe4 3. f3 e3 4. Bxe3 Nf6 5. Nc3 e6 6. Bd3 Bb4 7. Nge2 O-O 8. a3 Be7 9. Qd2 b6 10. O-O-O c5 11. h4 d5 12. Nf4 Nc6 13. h5 cxd4 14. Bxd4 Nxd4 15. Bxh7+ Nxh7 16. Qxd4 Rxf4 0-1

[Event "Tournoi de la St-Jean A"]
[Site "Quebec CAN"]
[Date "2005.06.26"]
[Round "4.9"]
[White "Duplessis, Jean-Roch"]
[Black "Desjardins, Michel"]
[Result "1-0"]
[WhiteElo "1648"]
[BlackElo "1923"]
[PlyCount "72"]
[GameId "2160767910967878"]
[EventDate "2005.06.24"]
[EventType "swiss"]
[EventRounds "5"]
[EventCountry "CAN"]

1. e4 d5 2. exd5 Qxd5 3. Nc3 Qd6 4. d4 Nf6 5. Nf3 a6 6. Bg5 Nbd7 7. Qe2 b5 8. Ne4 Nxe4 9. Qxe4 Rb8 10. c3 Bb7 11. Qe3 e6 12. Be2 Be7 13. Bxe7 Qxe7 14. O-O O-O 15. Rfd1 Nf6 16. Ne5 Nd5 17. Qd2 Rfd8 18. Nd3 Qd6 19. Bf3 Ba8 20. Qg5 Re8 21. Bxd5 Qxd5 22. Qxd5 Bxd5 23. Nb4 Bb7 24. d5 exd5 25. Nxd5 c5 26. Kf1 Kf8 27. a4 b4 28. a5 Re5 29. Nb6 Rg5 30. Nd7+ Ke7 31. Nxb8 Bxg2+ 32. Ke1 Bf3 33. Rd7+ Ke6 34. Kd2 b3 35. Re1+ Kf6 36. Ree7 c4 1-0

[Event "Tournoi de la St-Jean A"]
[Site "Quebec CAN"]
[Date "2005.06.26"]
[Round "4.11"]
[White "Forget, David"]
[Black "Caron, Sebastien"]
[Result "1-0"]
[WhiteElo "1834"]
[BlackElo "1847"]
[PlyCount "33"]
[GameId "2160767910967879"]
[EventDate "2005.06.24"]
[EventType "swiss"]
[EventRounds "5"]
[EventCountry "CAN"]

1. d4 Nf6 2. c4 c5 3. d5 e6 4. Nc3 exd5 5. cxd5 d6 6. Nf3 g6 7. Bf4 a6 8. a4 Nh5 9. Bg5 Qb6 10. Qc2 h6 11. a5 Qc7 12. Qa4+ Bd7 13. Qe4+ Be6 14. dxe6 hxg5 15. exf7+ Kxf7 16. Nxg5+ Kg8 17. Qd5+ 1-0

[Event "Tournoi de la St-Jean A"]
[Site "Quebec CAN"]
[Date "2005.06.26"]
[Round "4.12"]
[White "Benoit, Sebastien"]
[Black "Arsenault, Nicolas"]
[Result "0-1"]
[WhiteElo "1904"]
[BlackElo "2069"]
[PlyCount "52"]
[GameId "2160767910967880"]
[EventDate "2005.06.24"]
[EventType "swiss"]
[EventRounds "5"]
[EventCountry "CAN"]

1. e4 e6 2. d4 d5 3. Nc3 Nf6 4. e5 Nfd7 5. f4 c5 6. Nf3 Nc6 7. Be3 cxd4 8. Nxd4 Bc5 9. Qd2 O-O 10. O-O-O a6 11. h4 Bxd4 12. Bxd4 b5 13. h5 b4 14. Ne2 a5 15. g4 Ba6 16. g5 Rc8 17. g6 fxg6 18. hxg6 h6 19. f5 Ndxe5 20. Rxh6 gxh6 21. Qxh6 Qc7 22. Bc5 Bxe2 23. Bxf8 Bxd1 24. g7 Nf7 25. Qg6 Nce5 26. Bd3 Nxd3+ 0-1